000 00915cab a2200289 4500
001 ABS56139
008 090401t1996 xxu||||| |||| 00| 0 eng d
035 _a(Sirsi) u21524
041 _aeng
100 _aBurton, I.
245 _aLakeside changes place in regional economy
260 _c1996
350 _a0
490 _aPlanning (for the Natural and Built Environment)
_v(1191) 18 October 1996, 26-27(2)
520 _aLooks at Doncaster Lakeside as part of a broader economic strategy for the area, how it will affect the town-centre and attract inward investment to the area.
650 _aBESSACARR
650 _aBUSINESS PARKS
650 _aDONCASTER LAKESIDE
650 _aFACTORY SHOPPING
650 _aSHOPPING CENTRES
650 _aSOUTH YORKSHIRE
650 _aTOWN CENTRES
690 _aPLANNING LAW AND PRACTICE
690 _aURBAN RENEWAL
942 _n0
948 _c04/03/1997
999 _c14448
_d14448